000 00397nam a2200145Ia 4500
008 210210b1983 xxu||||| |||| 00| 0 eng d
082 _a954.003 SALE
100 _aSALETORE (R N).
245 _aEncyclopaedia of Indian culture. Vol 5. (V-Z).
260 _aNew Delhi.
_bSterling Publishers Pvt Ltd.,
_c1983
300 _avii,1506-1817
440 _a5
690 _aIndian History
906 _a037265
999 _c87679
_d87679